Budúcoročný rozpočet je zostavený s otvoreným koncom

Predpokladaný fiškálny deficit budúcoročného štátneho rozpočtu SR. Príjmy a výdavky ústrednej vlády. Memorandové (vyčlenené z rozpočtu) položky na strane výdavkov. Financovanie memorandových položiek. Financovanie fiškálneho deficitu. Základné parametre štátneho rozpočtu na rok 2000.

Na minha lista:
Detalhes bibliográficos
Autor principal: Suďa, Pavol
Formato: Capítulo de Livro
Idioma:eslovaco
Assuntos:
Tags: Adicionar Tag
Sem tags, seja o primeiro a adicionar uma tag!

MARC

LEADER 00000naa a2200000 4500
001 r036613
005 20230921104212.8
041 0 |a slo 
044 |a SK 
245 1 0 |a Budúcoročný rozpočet je zostavený s otvoreným koncom  |c Pavol Suďa 
520 |a Predpokladaný fiškálny deficit budúcoročného štátneho rozpočtu SR. Príjmy a výdavky ústrednej vlády. Memorandové (vyčlenené z rozpočtu) položky na strane výdavkov. Financovanie memorandových položiek. Financovanie fiškálneho deficitu. Základné parametre štátneho rozpočtu na rok 2000. 
610 2 0 |a rozpočet štátny 
610 2 0 |a príjmy rozpočtu štátneho 
610 2 0 |a výdavky rozpočtu štátneho 
610 2 0 |a deficit rozpočtový 
610 2 0 |a Slovensko 
610 2 0 |a 2000 
100 1 |a Suďa, Pavol